=LDR 00000nam 2200000 4500 =001 INLIS000000000017743 =005 20130612112949 =008 ***********************************Ind** =035 ##$$0010-061300000017743 =041 ##$$a Ind =082 ##$$a 616.6 =090 ##$$a 616.6, Kus m =100 ##$$a Kusnandar, Henry =245 ##$$a Mengenal cahaya penyakit menular seksual, Henry Kusnandar =260 ##$$a 2001 $b Bandung =300 ##$$a 224 hlm, 14 cm =650 ##$$a Seksual, Kelainan =850 ##$$a NBPNMAT